El general Manuel Antonio López (Registro nro. 301473)

Detalles MARC
000 -ENCABEZADO
Número de control [NR] 00744 a2200205 4500
005 - FECHA Y HORA DE LA ÚLTIMA TRANSACCIÓN
control field 20170203170032.0
008 - DE LONGITUD FIJA DE DATOS DE ELEMENTOS - INFORMACIÓN GENERAL
Elementos de longitud fija [NR] 151002b1972 ck gr|||| 00| 0 spa d
040 ## - FUENTE DE CATALOGACION [NR]
Agencia de catalogación original [NR] CO-BoUCM
Idioma de catalogación [NR] spa
Quien Cataloga David Avila
Quien Clasifica David Avila
041 0# - CODIGO DE IDIOMA [R]
Código de idioma para texto/pista de sonido o título separado [R] Español
100 ## - ASIENTO PRINCIPAL--NOMBRE PERSONAL [NR]
Nombre personal [NR] Castellanos, Rafael Ramón
ID Autoridad 71975
245 ## - MENCION DE TITULO [NR]
Título [NR] El general Manuel Antonio López
Parte restante del título [NR] ilustre prócer y escritor payanés
260 ## - PUBLICACION, DISTRIBUCION, ETC. (PIE DE IMPRENTA) [R]
Lugar de publicación, distribución, etc. [R] Bogotá (Colombia)
Nombre del editor, distribuidor, etc. [R] Editorial Kelly
Fecha de publicación, distribución, etc. [R] 1972
300 ## - DESCRIPCION FISICA [R]
Extensión [R] 110 páginas
504 ## - NOTA DE BIBLIOGRAFIA, ETC. [R]
Nota de bibliografía, etc. [NR] Incluye referencias bibliográficas
600 ## - ASIENTO SECUNDARIO DE MATERIA - NOMBRE PERSONAL [R]
Nombre personal [NR] López, Manuel Antonio
Fechas asociadas con el nombre [NR] 1803-1891
9 (RLIN) 71976
650 ## - ASIENTO SECUNDARIO DE MATERIA - TERMINO TEMATICO [R]
Término temático o nombre geográfico como elemento de entrada [NR] Generales
Subdivisión geográfica [R] Colombia
Subdivisión de forma [R] Biografías
9 (RLIN) 71903
690 ## - ASUNTO AGREGADO LOCAL DE ENTRADA - TÉRMINO TEMÁTICO (OCLC, RLIN)
Acceso temático local Historia de Colombia
9 (RLIN) 26508
942 ## - ELEMENTOS DE ENTRADA AGREGADOS (KOHA)
Sistema de clasificación DEWEY
Tema principal Historia
Tipo de ítem principal el descrito en 300a Libro
Edición 1
Clasificación 923.5
Parte restante de la signatura top. L925C
Existencias
Total préstamos Signatura topográfica Código de barras Última vez visto Ejemplar Costo de reposición Price effective from Tipo de ítem Perdido Sistema de clasificación Dañado No prestable Tipo de ítem específico Suprimido Ubicación habitual Ubicación actual Localización Fecha de creación Proveedor Forma de adquisición Costo
  923.5 L925C 100147637 09/12/2025 Ej.1 26000.00 17/09/2015 Libro   DEWEY     Libro   Claustro Claustro 2do piso 17/09/2015 12 Donación 0.00